Habitat and environment of islands : primary and supplemental island sets /

Bibliographic Details
Main Authors: Matalas, Nicholas C., 1930- (Author), Grossling, Bernardo F., 1918- (Author)
Format: Government Document eBook
Language:English
Published: Reston, Virginia : U.S. Department of the Interior, U.S. Geological Survey, 2002.
Series:U.S. Geological Survey professional paper ; 1590.
Subjects:
Online Access:https://purl.fdlp.gov/GPO/LPS29442

MARC

Tag First Indicator Second Indicator Subfields
LEADER 00000cam a2200000 i 4500
001 in00004042011
005 20181023093620.0
006 m o d f
007 cr |||||||||||
008 180216s2002 vauab ob f000 0 eng c
020 |z 9790607995083  |q (pbk.) 
020 |z 0607995084  |q (pbk.) 
020 |z 9780607995084  |q (pbk.) 
035 |a (OCoLC)on1023518063 
040 |a OCLCE  |b eng  |e rda  |e pn  |c OCLCE  |d OCLCO  |d GPO  |d MvI  |d UtOrBLW 
042 |a dlr  |a pcc 
049 |a WWW 
050 4 |a QE75  |b .P9 no.1590  |a QH541.5.I8 
070 1 |a 407  |b G29Pr no. 1590 
072 0 |a P300 
074 |a 0624 (online) 
084 |a RB 10862  |2 rvk 
086 0 |a I 19.16:1590 
100 1 |a Matalas, Nicholas C.,  |d 1930-  |e author.  |0 http://id.loc.gov/authorities/names/n50044149 
245 1 0 |a Habitat and environment of islands :  |b primary and supplemental island sets /  |c by N.C. Matalas and Bernardo F. Grossling. 
264 1 |a Reston, Virginia :  |b U.S. Department of the Interior, U.S. Geological Survey,  |c 2002. 
300 |a 1 online resource (2 volumes) :  |b illustrations, color maps +  |e 1 CD-ROM (PDF, 100-813 pages), 1 Plate. 
336 |a text  |b txt  |2 rdacontent 
337 |a computer  |b c  |2 rdamedia 
338 |a online resource  |b cr  |2 rdacarrier 
490 1 |a U.S. Geological Survey professional paper ;  |v 1590 
500 |a Full report (xiii, 97 pages); locater booklet titled: Locator guide for islands in the primary island Set (20 pages); Companion CD-Rom: Habitat and environment of islands primary and supplemental island sets (100-813 pages); Plate: titled: Track of the Alisida and identification numbers of islands in the primary island set. 
504 |a Includes bibliographical references. 
505 0 |a Report documentation (paper copy) -- Island track sets (plate) -- Locator guide (booklet) -- Report supplmental files (CD-ROM). 
588 |a Description based on online resource, PDF version; title from PDF title page (USGS, viewed April 11, 2018). 
650 0 |a Island ecology.  |0 http://id.loc.gov/authorities/subjects/sh85068493 
650 0 |a Habitat (Ecology)  |0 http://id.loc.gov/authorities/subjects/sh85058159 
650 7 |a Habitat (Ecology)  |2 fast  |0 (OCoLC)fst00950038 
650 7 |a Island ecology.  |2 fast  |0 (OCoLC)fst00980097 
700 1 |a Grossling, Bernardo F.,  |d 1918-  |e author.  |0 http://id.loc.gov/authorities/names/n50032963 
710 2 |a Geological Survey (U.S.),  |e issuing body.  |0 http://id.loc.gov/authorities/names/n80092173 
776 0 8 |i Print version:  |a Matalas, Nicholas C., 1930-  |t Habitat and environment of islands  |w (DLC) 2002035440  |w (OCoLC)50761319 
830 0 |a U.S. Geological Survey professional paper ;  |v 1590.  |0 http://id.loc.gov/authorities/names/n88643688 
856 4 0 |u https://purl.fdlp.gov/GPO/LPS29442  |t 0 
999 f f |s 7cb87b3b-6559-37ea-bc42-c8780177d27a  |i 6a5302c1-15e9-3eaa-bc84-e45b80ae240e  |t 0 
952 f f |a Texas A&M University  |b College Station  |c Electronic Resources  |d Available Online  |t 0  |e I 19.16:1590  |h Superintendent of Documents classification 
998 f f |a I 19.16:1590  |t 0  |l Available Online